Statistics for Star Wars - Top 50 most famous Characters

Click here to take the quiz!

General Stats

  • This quiz has been taken 4,599 times
    (3,212 since last reset)
  • The average score is 33 of 50

Answer Stats

HintAnswer% Correct
01.Jedi and RebelLuke Skywalker
99%
03.Chosen One gone EvilDarth Vader
99%
02.Rebel PrincessLeia Organa
99%
07.Droid DuoR2D2
98%
10.Small JediYoda
98%
04.Smuggler turned RebelHan Solo
98%
06.Important JediObi Wan Kenobi
97%
05.Wookie sidekickChewbacca
97%
08.Droid DuoC3PO
97%
09.Sith LordThe Emperor
97%
13.Fat, rich slimeJabba the Hutt
96%
12.Mandalorian Bounty HunterBoba Fett
95%
11.Former Cloud City leaderLando Calrission
92%
18.Tattooed SithDarth Maul
92%
19.Former Queen of NabooPadmé Amidala
92%
14.Black JediMace Windu
91%
22.The Original CloneJango Fett
89%
16.The Grand MoffWilhuff Tarkin
81%
23.I didn't shoot firstGreedo
79%
26.It's a trapAdmiral Ackbar
78%
28.Cyborg GeneralGeneral Grievous
74%
25.I ruined Star WarsJar Jar Binks
74%
21.Bearded JediQui Gon Jinn
69%
43.Uncle of #1Owen Lars
67%
35.Clone Commander 212thCommander Cody
65%
15.CIS leaderCount Dooku
65%
36.Clone Captain 501stCommander Rex
62%
29.Jedi with Breathing MaskPlo Koon
59%
27.EwokWicket
57%
31.Jedi with large headKi Adi Mundi
57%
24.Padawan in Clone WarsAhsoka Tano
57%
38.Senator from AlderaanBail Organa
54%
32.Lizard Bounty HunterBossk
51%
49.Aunt of #1Beru Lars
49%
30.Nautolan JediKit Fisto
47%
33.Droid Bounty HunterIG-88
46%
17.Important Rebel PilotWedge Antilles
46%
34.Trade Federation leaderNute Gunray
41%
37.Hutt's right handBib Fortuna
39%
44.Female red-skined JediShaak Ti
39%
42.Former ChancellorFinis Valorum
37%
39.Blue-skinned Bounty HunterCad Bane
34%
20.Senator turned RebelMon Mothma
33%
45.Female Jedi from RylothAayla Secura
33%
41.The Grand AdmiralThrawn
30%
47.Mos Espa Fly and SlaverWatto
30%
48.AT-AT CommanderMaximilian Veers
29%
46.Naboo CaptainQuarsh Panaka
27%
50.Superstardestroyer AdmiralAdmiral Piett
20%
40.Rebel from SullustNien Nunb
19%

Score Distribution

Percentile by Number Answered

Percent of People with Each Score

Your Score History

You have not taken this quiz since the last reset